| 000 | 01863nkm0a2200421 4500 | ||
|---|---|---|---|
| 001 | RU\NLR\BIBL_A\016365846 | ||
| 005 | 20260407085927.0 | ||
| 035 | _a(NLR Aleph) 016365846 | ||
| 090 |
_a13495162 _c13495162 |
||
| 100 | _a20230511d1895 u y0rusy50 ca | ||
| 101 | 0 | _arus | |
| 102 | _aRU | ||
| 116 | _aiiycxx bf ad | ||
| 135 | _acrcn 024anaba | ||
| 181 | 0 |
_ab4 _bxb2e |
|
| 182 | 0 | _an | |
| 200 | 1 |
_aМадам Сан-Жен _e[плакат] |
|
| 203 |
_aИзображение _bнеподвижное _bдвухмерное _bвизуальное _cнепосредственное |
||
| 210 |
_a[Москва] _cТ-во скоропеч. А. А. Левенсон _d1895 |
||
| 215 |
_a1 л. _cхромолитогр. _d101,6х69,1 |
||
| 300 | _aЦенз. разрешение: Дозвол. ценз. москва 6 ноября 1895 г. | ||
| 325 | _aКопия доступна в Электрон. б-ке РНБ | ||
| 327 | 0 | _aСцены пьесы Викторьена Сарду "Мадам Сан-Жен" | |
| 606 | 1 |
_aПлакат театральный _9938906 _3RU\NLR\AUTH\6628365 |
|
| 606 | 1 |
_aРекламный плакат русский _z1868 - 1917 _92200006 _3RU\NLR\AUTH\6601557021 |
|
| 686 | 1 | _aЩ153(0)5-466.54 | |
| 712 | 0 | 0 |
_aЛевенсон, _gА. А., _hтипография _cМосква _3RU\NLR\AUTH\8810047281 _9594396 |
| 852 | 0 | 0 |
_aNLR _bЭ _jАфИс792/С201 _mинв.155234 |
| 856 | 0 | _uhttps://vivaldi.nlr.ru/la500001114/view | |
| 856 | 1 | _uhttps://vivaldi.nlr.ru/la500001114/cover | |
| 856 | 2 | _uhttps://vivaldi.nlr.ru/la500001114/text | |
| 942 | _cVISUAL | ||
| 980 | _aNB | ||
| 981 | 1 | 7 |
_a(17) Изографические материалы _b(17) Плакаты |